00622 2200217 4500001002100000005001700021008004100038035002400079040001200103082000800115090001500123100001600138245010700154260003100261300002400292650001900316850001200335990001800347990002100365990001800386YOGYA-0712000000004020120703191130.0 eng  0010-071200000000040 aYOPDYOG a428 a428bSup O aSupomo, Idi aOver 909 words end English conversationsbuntuk pemula...cIdi Supomo ; penyunting, Seno Teguh Pribadi aJakartabWahyu Mediac2007 av, 458 hlm.c16 cm. aBahasa Inggris aYOPDYOG a979-795-074-3 a30988-PD/B.07b1 a30988-PD/B.07